[Event "ODEM U25B 2013"]
[Site "Oberhof GER"]
[Date "2013.05.21"]
[Round "5"]
[White "Arnold, Alexandria"]
[Black "Stockter, Jasper Enno"]
[Result "0-1"]
[Termination "normal"]
[Board "25"]
[WhiteElo "999"]
[BlackElo "1239"]
[PlyCount "118"]
[WhiteFideId "16205383"]
[BlackFideId "12957291"]
[EventCountry "GER"]
[EventRounds "9"]
[EventType "swiss"]
[EventDate "2013.05.18"]

1. d4 Nf6 2. Nc3 e6 3. Nf3 b6 4. e4 Bb7 5. e5 Nd5 6. Bd2 Be7 7. Be2 O-O 8. O-O
c5 9. dxc5 Bxc5 10. Bd3 d6 11. Qe2 dxe5 12. Qe4 f5 13. Qxe5 Qf6 14. h3 Qxe5 15.
Nxe5 Bd4 16. Nxd5 Bxd5 17. Nc4 Rf6 18. c3 Rg6 19. g3 Bf6 20. Nd6 Nc6 21. Rfe1
Rd8 22. Nb5 Rd7 23. Be3 Ne5 24. Bc2 Nf3+ 25. Kf1 Bc4+ 26. Re2 Bxb5 27. Bb3
Bxe2+ 28. Kxe2 Ne5 29. Bxe6+ Rf7 30. Bxf7+ Kxf7 31. Rd1 Nc4 32. b3 Nxe3 33.
Kxe3 Bxc3 34. Rd7+ Ke6 35. Rxa7 Kd5 36. Kd3 Be1 37. Ke2 Bb4 38. Ra4 Re6+ 39.
Kf3 Bd2 40. g4 fxg4+ 41. hxg4 Rf6+ 42. Ke2 b5 43. Ra7 Bc3 44. Rxg7 Re6+ 45. Kf3
Bxg7 46. g5 Ra6 47. a4 bxa4 48. bxa4 Rxa4 49. Kg3 h6 50. gxh6 Bxh6 51. f3 Ke5
52. f4+ Rxf4 53. Kg2 Ke4 54. Kg3 Ke3 55. Kg2 Rf3 56. Kg1 Rf2 57. Kh1 Kf3 58.
Kg1 Kg3 59. Kh1 Rf1# 0-1

[Event "ODEM U25B 2013"]
[Site "Oberhof GER"]
[Date "2013.05.21"]
[Round "5"]
[White "Eichstaedt, Ina"]
[Black "Lange, Cecilia"]
[Result "1/2-1/2"]
[Termination "normal"]
[Board "26"]
[WhiteElo "1224"]
[BlackElo "1116"]
[PlyCount "41"]
[WhiteFideId "1270265"]
[BlackFideId "12976040"]
[EventCountry "GER"]
[EventRounds "9"]
[EventType "swiss"]
[EventDate "2013.05.18"]

1. f4 g6 2. d4 Bg7 3. Nf3 Nf6 4. e3 d6 5. Bd3 Bd7 6. O-O Nc6 7. Bd2 Qc8 8. Qe2
Bf5 9. Be1 Bxd3 10. Qxd3 Qe6 11. a3 Qe4 12. Qxe4 Nxe4 13. Nbd2 Nxd2 14. Nxd2 e6
15. Bf2 O-O 16. Nf3 Ne7 17. Rab1 a6 18. b4 b5 19. Rfc1 Rfc8 20. Nd2 c5 21. c3
1/2-1/2

[Event "ODEM U25B 2013"]
[Site "Oberhof GER"]
[Date "2013.05.21"]
[Round "5"]
[White "Graf, Lennard"]
[Black "Schilay, Eva"]
[Result "0-1"]
[Termination "normal"]
[Board "27"]
[WhiteElo "979"]
[BlackElo "1223"]
[PlyCount "52"]
[BlackFideId "12930164"]
[EventCountry "GER"]
[EventRounds "9"]
[EventType "swiss"]
[EventDate "2013.05.18"]

1. e4 d5 2. exd5 Qxd5 3. Nc3 Qa5 4. d4 Bf5 5. Bd2 Qb6 6. Na4 Qxd4 7. Nc3 Nf6 8.
Nf3 Qb6 9. Rb1 e6 10. a3 Bd6 11. Bc4 c6 12. O-O Nbd7 13. Be3 Qc7 14. Nh4 O-O
15. Nxf5 exf5 16. Qd3 Ne5 17. Qe2 Nxc4 18. Qxc4 Bxh2+ 19. Kh1 Ng4 20. Nb5 Qb8
21. Nc3 Re8 22. Rbe1 Qd6 23. Bc5 Qh6 24. Rxe8+ Rxe8 25. Qd3 Bg3+ 26. Kg1 Qh2#
0-1

[Event "ODEM U25B 2013"]
[Site "Oberhof GER"]
[Date "2013.05.21"]
[Round "5"]
[White "Schenk, Philipp"]
[Black "Matuschak, Henry"]
[Result "1-0"]
[Termination "normal"]
[Board "28"]
[WhiteElo "1213"]
[BlackElo "1082"]
[PlyCount "117"]
[EventCountry "GER"]
[EventRounds "9"]
[EventType "swiss"]
[EventDate "2013.05.18"]

1. e4 e5 2. Nf3 Nc6 3. d4 exd4 4. Nxd4 Nf6 5. Nxc6 bxc6 6. e5 Nd5 7. c4 Nb6 8.
Be2 Bc5 9. O-O O-O 10. Nc3 Re8 11. Bf4 d6 12. exd6 cxd6 13. b3 Qf6 14. Qc1 Ba3
15. Bg5 Qg6 16. Qxa3 Qxg5 17. Bf3 Bh3 18. Qxd6 Red8 19. Qg3 Qxg3 20. hxg3 Bd7
21. c5 Nc8 22. Rad1 Ne7 23. Rfe1 Kf8 24. Rd6 Rac8 25. Red1 Ke8 26. b4 Be6 27.
a3 Rxd6 28. cxd6 Nf5 29. Na4 Bd7 30. Nc5 Rd8 31. Nxd7 Kxd7 32. g4 Nxd6 33. g5
Kc7 34. Rc1 Rc8 35. Rxc6+ Kd7 36. Rxc8 Kxc8 37. Bd5 Kd7 38. f4 Ke7 39. g4 h6
40. gxh6 gxh6 41. Kg2 Kf6 42. Kf3 Kg6 43. a4 f5 44. gxf5+ Kxf5 45. b5 Nc8 46.
a5 h5 47. Bf7 h4 48. Be8 Nd6 49. b6 axb6 50. axb6 h3 51. Bd7+ Kf6 52. Bxh3 Ke7
53. Bc8 Kd8 54. b7 Kc7 55. Kg4 Nxc8 56. bxc8=Q+ Kxc8 57. Kg5 Kd8 58. Kf6 Ke8
59. Kg7 1-0

[Event "ODEM U25B 2013"]
[Site "Oberhof GER"]
[Date "2013.05.21"]
[Round "5"]
[White "Vuckovic, Robert"]
[Black "Steiner, Maximilian"]
[Result "1/2-1/2"]
[Termination "normal"]
[Board "29"]
[WhiteElo "944"]
[BlackElo "1195"]
[PlyCount "98"]
[WhiteFideId "12998680"]
[BlackFideId "16202201"]
[EventCountry "GER"]
[EventRounds "9"]
[EventType "swiss"]
[EventDate "2013.05.18"]

1. e4 e5 2. Nf3 Nc6 3. d4 exd4 4. Bc4 Be7 5. Nxd4 Ne5 6. Bb3 Nf6 7. Bf4 d6 8.
Nc3 O-O 9. Qe2 Bd7 10. O-O-O Nc6 11. Nxc6 Bxc6 12. g4 Qc8 13. g5 Nd7 14. h4 Nc5
15. Bc4 Ne6 16. Be3 Rb8 17. a3 a6 18. f4 b5 19. Nxb5 Bxb5 20. Bxb5 Qb7 21. Bd3
Qxb2+ 22. Kd2 Qxa3 23. Ra1 Qb4+ 24. Kd1 Nd4 25. Qd2 Qb2 26. Bxd4 Qxd4 27. c3
Qb6 28. Re1 Qb3+ 29. Bc2 Qb6 30. Rb1 Qc5 31. Rb4 a5 32. Rb3 Rb6 33. f5 Rfb8 34.
Rxb6 Rxb6 35. c4 Qa3 36. e5 Qa1+ 37. Ke2 Qa2 38. exd6 Rxd6 39. Qc3 Rc6 40. Ra1
Qxc4+ 41. Qxc4 Rxc4 42. Kd3 Rxh4 43. Rxa5 h6 44. g6 Rb4 45. Kc3 Rb8 46. Bb3 Kf8
47. Bxf7 Bf6+ 48. Kd3 Ke7 49. Ra6 Rd8+ 1/2-1/2

[Event "ODEM U25B 2013"]
[Site "Oberhof GER"]
[Date "2013.05.21"]
[Round "5"]
[White "Grund, Melanie"]
[Black "Schumacher, Aaron"]
[Result "1/2-1/2"]
[Termination "normal"]
[Board "30"]
[WhiteElo "1186"]
[BlackElo "1068"]
[PlyCount "64"]
[WhiteFideId "12988804"]
[BlackFideId "12952184"]
[EventCountry "GER"]
[EventRounds "9"]
[EventType "swiss"]
[EventDate "2013.05.18"]

1. d4 e6 2. e3 d5 3. Bd3 c5 4. c3 Nc6 5. f4 Bd7 6. Nf3 Qb6 7. Nbd2 Nf6 8. b3
Bd6 9. Ne5 Rd8 10. Bb2 O-O 11. O-O c4 12. Bc2 h5 13. Rb1 Nxe5 14. fxe5 Ng4 15.
Qe2 cxb3 16. axb3 Be7 17. h3 Nh6 18. Qxh5 Be8 19. Qe2 f6 20. exf6 Bxf6 21. Ba3
Rf7 22. Bc5 Qa5 23. Qd3 Nf5 24. g4 Qc7 25. Rf3 Nd6 26. e4 Be7 27. Rbf1 dxe4 28.
Nxe4 Nxe4 29. Qxe4 Bxc5 30. Qh7+ Kf8 31. Qh8+ Ke7 32. Qh4+ Kf8 1/2-1/2

[Event "ODEM U25B 2013"]
[Site "Oberhof GER"]
[Date "2013.05.21"]
[Round "5"]
[White "Reuker, Ronja"]
[Black "Berg, Robert"]
[Result "0-1"]
[Termination "normal"]
[Board "31"]
[WhiteElo "870"]
[BlackElo "1174"]
[PlyCount "25"]
[WhiteFideId "12947172"]
[EventCountry "GER"]
[EventRounds "9"]
[EventType "swiss"]
[EventDate "2013.05.18"]

1. e4 d5 2. exd5 Qxd5 3. Nc3 Qa5 4. d4 Nf6 5. Bc4 e6 6. Bd2 Bd6 7. Nf3 O-O 8.
Qe2 Nc6 9. O-O Qh5 10. Rfe1 Nxd4 11. Qd3 Nxf3+ 12. Qxf3 Qxh2+ 13. Kf1 { es
folgte 13...Lg4 14.Dg3 Dh1#} 0-1

[Event "ODEM U25B 2013"]
[Site "Oberhof GER"]
[Date "2013.05.21"]
[Round "5"]
[White "Zimmer, Claudius"]
[Black "Müdder, Melanie"]
[Result "0-1"]
[Termination "normal"]
[Board "32"]
[WhiteElo "914"]
[BlackElo "712"]
[PlyCount "64"]
[BlackFideId "12994103"]
[EventCountry "GER"]
[EventRounds "9"]
[EventType "swiss"]
[EventDate "2013.05.18"]

1. e4 e5 2. Nf3 Nc6 3. d4 exd4 4. Bc4 Nf6 5. e5 d5 6. Bb5 Ne4 7. Nxd4 Bd7 8.
Nxc6 Bxc6 9. Bxc6+ bxc6 10. O-O Bc5 11. Qf3 O-O 12. Qg4 Re8 13. Bh6 g6 14. Qf4
Bd4 15. c3 Bxe5 16. Qe3 d4 17. cxd4 Bxd4 18. Qc1 Rb8 19. Nc3 Nxc3 20. bxc3 Bc5
21. Rd1 Qh4 22. Be3 Bd6 23. g3 Qg4 24. Bxa7 Rb5 25. Bd4 Rf5 26. Re1 Be5 27. a4
f6 28. Bxe5 fxe5 29. a5 Ref8 30. a6 Rxf2 31. a7 Qf3 32. Qe3 Qg2# 0-1

[Event "ODEM U25B 2013"]
[Site "Oberhof GER"]
[Date "2013.05.21"]
[Round "5"]
[White "Wu, Erik"]
[Black "Kurzweil, Nalani"]
[Result "1-0"]
[Termination "normal"]
[Board "33"]
[WhiteElo "1169"]
[BlackElo "917"]
[PlyCount "129"]
[WhiteFideId "12977489"]
[BlackFideId "12985694"]
[EventCountry "GER"]
[EventRounds "9"]
[EventType "swiss"]
[EventDate "2013.05.18"]

1. e4 e5 2. Nf3 Nc6 3. Bc4 Bc5 4. c3 Nf6 5. d4 exd4 6. cxd4 Bb4+ 7. Nc3 Nxe4 8.
O-O Bxc3 9. bxc3 O-O 10. Qd3 Nf6 11. Bg5 d5 12. Bxf6 Qxf6 13. Bxd5 Bf5 14. Be4
Bxe4 15. Qxe4 Rfe8 16. Qd3 Rad8 17. Qb5 b6 18. Rfe1 Qd6 19. Rad1 h6 20. Rxe8+
Rxe8 21. d5 Rd8 22. Qe2 a5 23. Rd2 Ne7 24. c4 c5 25. dxc6 Qc7 26. Rxd8+ Qxd8
27. Ne5 f6 28. Nd7 Nxc6 29. Qe6+ Kh7 30. Qxc6 Qe7 31. g3 Qe1+ 32. Kg2 Qb1 33.
Nxb6 Qxa2 34. c5 Qc2 35. Na4 Kg6 36. Qb5 Qf5 37. Qxa5 Qc8 38. Qb5 Qa8+ 39. f3
Qc8 40. Qd3+ f5 41. Qd5 Qc7 42. Qd6+ Qxd6 43. cxd6 Kf7 44. d7 Ke7 45. Nc5 Kd8
46. Kf2 g5 47. Ke3 f4+ 48. gxf4 gxf4+ 49. Kxf4 h5 50. Ke5 h4 51. Ke6 h3 52. f4
Kc7 53. Ke7 Kc6 54. Ne4 Kd5 55. Nf6+ Kc4 56. d8=Q Kc3 57. Qd5 Kc2 58. Qd4 Kc1
59. Qf2 Kb1 60. Qd2 Ka1 61. Kd6 Kb1 62. Kc5 Ka1 63. Kb4 Kb1 64. Kc3 Ka1 65.
Qb2# 1-0

[Event "ODEM U25B 2013"]
[Site "Oberhof GER"]
[Date "2013.05.21"]
[Round "5"]
[White "Moulart, Adrien"]
[Black "Bergauz, Igal"]
[Result "0-1"]
[Termination "normal"]
[Board "34"]
[WhiteElo "930"]
[BlackElo "1184"]
[PlyCount "90"]
[BlackFideId "12977284"]
[EventCountry "GER"]
[EventRounds "9"]
[EventType "swiss"]
[EventDate "2013.05.18"]

1. e4 c6 2. d4 d5 3. exd5 cxd5 4. Nc3 Nc6 5. Nf3 Nf6 6. h3 Bf5 7. Be3 e6 8. Bd3
Bxd3 9. Qxd3 Be7 10. a3 Rb8 11. O-O O-O 12. b4 a6 13. Ne2 b5 14. Rfb1 Ne4 15.
Nd2 Nd6 16. Nf3 Nc4 17. Nd2 Nxe3 18. fxe3 Qc7 19. Nf3 Bf6 20. Rf1 Rbc8 21. Rac1
Rfd8 22. Rfe1 Ne7 23. Red1 Ng6 24. Rf1 Nh4 25. Nh2 Be7 26. Rf2 Bd6 27. Nf3 Nf5
28. Rff1 Ng3 29. Nxg3 Bxg3 30. Rfd1 Qc3 31. Rf1 Qb2 32. Rfd1 Rc3 33. Qd2 Rxa3
34. Rb1 Qc3 35. Rb3 Rxb3 36. cxb3 Qxb3 37. Rc1 Bd6 38. Rc6 Bxb4 39. Qe2 Qa4 40.
Ne5 Bd6 41. Nd7 Rxd7 42. Qf2 Qd1+ 43. Qf1 Qxf1+ 44. Kxf1 a5 45. g3 g6 0-1

[Event "ODEM U25B 2013"]
[Site "Oberhof GER"]
[Date "2013.05.21"]
[Round "5"]
[White "Bossert, Moritz"]
[Black "Kung, Fanny"]
[Result "0-1"]
[Termination "normal"]
[Board "36"]
[WhiteElo "879"]
[BlackElo "1052"]
[PlyCount "66"]
[WhiteFideId "16239946"]
[BlackFideId "12987689"]
[EventCountry "GER"]
[EventRounds "9"]
[EventType "swiss"]
[EventDate "2013.05.18"]

1. d4 Nf6 2. Nf3 d5 3. g3 Nc6 4. Bg2 e6 5. O-O Bd7 6. Re1 h6 7. Bf4 Bb4 8. Nc3
O-O 9. Qd3 Re8 10. a3 Ba5 11. b4 Bb6 12. e4 dxe4 13. Nxe4 Bc8 14. c4 Bxd4 15.
Nxd4 Qxd4 16. Qxd4 Nxd4 17. Nxf6+ gxf6 18. Bxc7 e5 19. Rad1 Re6 20. Bd5 Ra6 21.
Ba5 Rb8 22. f4 b6 23. fxe5 Nf5 24. exf6 bxa5 25. Re8+ Kh7 26. Bxf7 Rxf6 27. Bd5
Kg7 28. Rg8+ Kh7 29. g4 Ne3 30. Be4+ Kxg8 31. Rd8+ Kf7 32. Bd5+ Ke7 33. Rh8
Rf1# 0-1

[Event "ODEM U25B 2013"]
[Site "Oberhof GER"]
[Date "2013.05.21"]
[Round "5"]
[White "Rüpke, Yannick"]
[Black "Chung, Nicholas"]
[Result "1-0"]
[Termination "normal"]
[Board "37"]
[WhiteElo "1038"]
[BlackElo "946"]
[PlyCount "91"]
[EventCountry "GER"]
[EventRounds "9"]
[EventType "swiss"]
[EventDate "2013.05.18"]

1. d4 d5 2. Nf3 Nc6 3. e3 Nf6 4. Bd3 Bd7 5. Nbd2 e6 6. e4 Bb4 7. c3 Ba5 8. O-O
O-O 9. b4 Bb6 10. a4 a5 11. b5 Ne7 12. Ne5 c6 13. Bb2 Qe8 14. Qe2 Rc8 15. bxc6
Bxc6 16. Nxc6 Qxc6 17. Bb5 Qc7 18. e5 Nd7 19. Qg4 f5 20. Qg5 Ng6 21. Rfe1 f4
22. g3 fxg3 23. Qxg3 Rf5 24. Re3 Kf7 25. Rf3 Rxf3 26. Qxf3+ Kg8 27. Kh1 Rf8 28.
Qg3 Nb8 29. Rg1 Qf7 30. Bc1 Qxf2 31. Qxf2 Rxf2 32. Rg4 Nc6 33. Bd3 Nf4 34. Bf1
Ne2 35. Bxe2 Rxe2 36. Rg1 Bd8 37. Rf1 Bg5 38. Ba3 Ne7 39. Nf3 Ra2 40. Bc5 h6
41. Nxg5 hxg5 42. Bxe7 Rxa4 43. Bxg5 Rc4 44. Rb1 Rxc3 45. Rxb7 Rc1+ 46. Bxc1
1-0

[Event "ODEM U25B 2013"]
[Site "Oberhof GER"]
[Date "2013.05.21"]
[Round "5"]
[White "Kalina, Joshua"]
[Black "Uhlmann, Marie"]
[Result "1-0"]
[Termination "normal"]
[Board "38"]
[WhiteElo "1021"]
[BlackElo "943"]
[PlyCount "69"]
[BlackFideId "12980340"]
[EventCountry "GER"]
[EventRounds "9"]
[EventType "swiss"]
[EventDate "2013.05.18"]

1. e4 c5 2. Nf3 Nc6 3. d4 cxd4 4. Nxd4 g6 5. Nc3 Bg7 6. Be3 Nf6 7. Qd2 d6 8.
O-O-O Bd7 9. Kb1 h6 10. f3 O-O 11. Bxh6 Nxd4 12. Bxg7 Kxg7 13. Qxd4 Kg8 14. g4
e5 15. Qxd6 Rc8 16. Qxe5 Re8 17. Qg3 Qc7 18. Qxc7 Rxc7 19. Nd5 Nxd5 20. Rxd5
Be6 21. Rd2 Rc5 22. Be2 Rec8 23. Rhd1 Kg7 24. g5 f5 25. exf5 Bxf5 26. Bd3 Be6
27. Re1 Bd5 28. Re7+ Kg8 29. Be4 Bxe4 30. fxe4 Rf8 31. c3 Rxg5 32. Rdd7 Rg2 33.
Rg7+ Kh8 34. Rh7+ Kg8 35. Rdg7# 1-0

[Event "ODEM U25B 2013"]
[Site "Oberhof GER"]
[Date "2013.05.21"]
[Round "5"]
[White "Kluge, Helene"]
[Black "Breitzmann, Malte"]
[Result "1-0"]
[Termination "normal"]
[Board "39"]
[WhiteElo "1020"]
[BlackElo "886"]
[PlyCount "173"]
[WhiteFideId "12983179"]
[EventCountry "GER"]
[EventRounds "9"]
[EventType "swiss"]
[EventDate "2013.05.18"]

1. e4 e5 2. Nf3 Nc6 3. Bb5 a6 4. Bxc6 dxc6 5. O-O Bg4 6. h3 Bh5 7. d3 h6 8. Be3
Bd6 9. Re1 Qf6 10. Nbd2 Ne7 11. Nf1 Bxf3 12. Qxf3 Qxf3 13. gxf3 O-O 14. Ng3 f5
15. Ne2 Ng6 16. Kh2 f4 17. Bd2 Bc5 18. Rf1 Nh4 19. Ng1 Rf6 20. Kh1 Rg6 21. Bc3
Re8 22. Rad1 Rd6 23. Rd2 b5 24. b4 Bd4 25. Bxd4 Rxd4 26. c3 Rd6 27. Rfd1 Kf7
28. d4 Red8 29. Rd3 Ng6 30. Ne2 Ne7 31. Kh2 Nc8 32. h4 h5 33. Ng1 Kf6 34. Nh3
Nb6 35. Ng5 Kg6 36. Rg1 exd4 37. Ne6+ Kf6 38. Nxd8 Rxd8 39. cxd4 Nc4 40. e5+
Kf7 41. Re1 Ke6 42. Re4 Kf5 43. e6 Nd6 44. Re5+ Kg6 45. e7 Re8 46. d5 Nf5 47.
Kh3 Rxe7 48. Rxe7 Nxe7 49. dxc6 Nxc6 50. a3 Ne5 51. Rc3 c6 52. Kg2 Kf6 53. Rc5
Ke6 54. Rc2 Nc4 55. Ra2 Kd5 56. Kf1 c5 57. Ke2 g6 58. bxc5 Kxc5 59. a4 Kd4 60.
axb5 axb5 61. Ra6 Ne5 62. Rf6 b4 63. Rxf4+ Kc3 64. Re4 Nf7 65. Kd1 g5 66. hxg5
Nxg5 67. Re3+ Kb2 68. f4 Nf7 69. Rh3 h4 70. Rxh4 b3 71. f5 Ka3 72. Kc1 Nd6 73.
f6 Nf7 74. Rh7 Nh6 75. Kb1 b2 76. Rxh6 Kb3 77. f7 Kc3 78. f8=Q Kb3 79. Qb8+ Kc3
80. Qxb2+ Kd3 81. Rh3+ Ke4 82. Qb4+ Kf5 83. Rh5+ Kg6 84. Ra5 Kf7 85. Qb6 Kg7
86. Ra7+ Kh8 87. Qb8# 1-0

[Event "ODEM U25B 2013"]
[Site "Oberhof GER"]
[Date "2013.05.21"]
[Round "5"]
[White "Schulze, Lukas"]
[Black "Hacklinger, Leon"]
[Result "1-0"]
[Termination "normal"]
[Board "40"]
[WhiteElo "858"]
[BlackElo "1008"]
[PlyCount "25"]
[WhiteFideId "12956856"]
[BlackFideId "16205111"]
[EventCountry "GER"]
[EventRounds "9"]
[EventType "swiss"]
[EventDate "2013.05.18"]

1. e4 e5 2. Nf3 Nf6 3. Bc4 Nxe4 4. Qe2 Ng5 5. Qxe5+ Be7 6. Nxg5 f6 7. Qd5 Rf8
8. Nxh7 Bd6 9. O-O b5 10. Re1+ Be7 11. Qh5+ g6 12. Qxg6+ Rf7 13. Qxf7# 1-0

[Event "ODEM U25B 2013"]
[Site "Oberhof GER"]
[Date "2013.05.21"]
[Round "5"]
[White "Lilienthal, Niels Bennett"]
[Black "Pahl, Theis"]
[Result "1/2-1/2"]
[Termination "normal"]
[Board "42"]
[WhiteElo "983"]
[BlackElo "839"]
[PlyCount "135"]
[WhiteFideId "16205421"]
[BlackFideId "16201264"]
[EventCountry "GER"]
[EventRounds "9"]
[EventType "swiss"]
[EventDate "2013.05.18"]

1. e4 e5 2. Nf3 Nc6 3. Bb5 d6 4. d4 exd4 5. Nxd4 Bd7 6. Bxc6 bxc6 7. O-O Nf6 8.
Nc3 Be7 9. Bg5 O-O 10. Bxf6 Bxf6 11. Re1 c5 12. Nf3 Re8 13. Rb1 Be6 14. Nd5
Bxd5 15. Qxd5 Qd7 16. e5 Be7 17. exd6 cxd6 18. Re2 Bf6 19. Rxe8+ Rxe8 20. c3 a5
21. h3 h6 22. Rd1 Rd8 23. a3 Qe6 24. Qb7 d5 25. Qb5 d4 26. cxd4 cxd4 27. Qxa5
Qb3 28. Rd2 d3 29. h4 Rd7 30. Ne5 Rd5 31. Qa8+ Kh7 32. Nf3 Rd6 33. Qe4+ Kg8 34.
Qe8+ Kh7 35. Qe4+ Kg8 36. Ne5 Be7 37. Nxd3 Bf6 38. Nc1 Qb8 39. Rxd6 Qxd6 40. b4
Qd1+ 41. Kh2 Qxc1 42. b5 Qd2 43. b6 Qd6+ 44. Kh3 Qxb6 45. Qe8+ Kh7 46. Qe4+ Kh8
47. Qe8+ Kh7 48. Qe4+ Kg8 49. Qe8+ Kh7 50. Qe4+ Kh8 51. Qe8+ Kh7 52. Qe4+ Kg8
53. Qe8+ Kh7 54. Qe4+ Kh8 55. Qe8+ Kh7 56. Qe4+ Kg8 57. Qe8+ Kh7 58. Qe4+ Kh8
59. Qe8+ Kh7 60. Qe4+ Kg8 61. Qe8+ Kh7 62. Qe4+ Kg8 63. Qe8+ Kh7 64. Qe4+ Kh8
65. Qe8+ Kh7 66. Qe4+ Kg8 67. Qe8+ Kh7 68. Qe4+ 1/2-1/2

[Event "ODEM U25B 2013"]
[Site "Oberhof GER"]
[Date "2013.05.21"]
[Round "5"]
[White "Grimm, Nicola Marie"]
[Black "Gazizov, Erik"]
[Result "1-0"]
[Termination "normal"]
[Board "43"]
[WhiteElo "967"]
[BlackElo "722"]
[PlyCount "45"]
[WhiteFideId "12988987"]
[BlackFideId "12951358"]
[EventCountry "GER"]
[EventRounds "9"]
[EventType "swiss"]
[EventDate "2013.05.18"]

1. d4 Nf6 2. Bf4 g6 3. Nf3 Bg7 4. e3 O-O 5. c3 d5 6. Bd3 b6 7. Nbd2 Bb7 8. Qc2
Re8 9. Ng5 Nbd7 10. Bb5 c6 11. Bd3 Rc8 12. Be5 e6 13. Qd1 c5 14. Qf3 c4 15. Be2
a6 16. Qh3 b5 17. a4 Bc6 18. O-O a5 19. axb5 Bxb5 20. Rab1 a4 21. Bd6 Ra8 22.
Ndf3 Ne4 23. Qxh7# 1-0

[Event "ODEM U25B 2013"]
[Site "Oberhof GER"]
[Date "2013.05.21"]
[Round "5"]
[White "Karge, Ole Jannes"]
[Black "Lorf, Yannick"]
[Result "1-0"]
[Termination "normal"]
[Board "44"]
[WhiteElo "1471"]
[BlackElo "913"]
[PlyCount "81"]
[WhiteFideId "12957267"]
[EventCountry "GER"]
[EventRounds "9"]
[EventType "swiss"]
[EventDate "2013.05.18"]

1. e4 c5 2. d4 b6 3. d5 d6 4. Bb5+ Bd7 5. Bxd7+ Nxd7 6. c4 Ngf6 7. Nc3 g6 8. f4
Bg7 9. Nf3 Ng4 10. Bd2 O-O 11. O-O Re8 12. h3 Nh6 13. e5 dxe5 14. fxe5 Nxe5 15.
Nxe5 Bxe5 16. Bxh6 Bd4+ 17. Kh1 a6 18. Qf3 f6 19. Be3 Be5 20. Bf4 Bd6 21. Bxd6
exd6 22. Qxf6 Qxf6 23. Rxf6 Rad8 24. Na4 b5 25. cxb5 axb5 26. Nc3 b4 27. Nb5
Kg7 28. Rxd6 Rxd6 29. Nxd6 Re5 30. Rd1 Re3 31. Nc4 Re4 32. b3 Kf6 33. d6 Re8
34. d7 Rd8 35. Nb6 Ke7 36. Nc8+ Ke6 37. Rd6+ Ke5 38. Rd1 Ke6 39. Nb6 Ke7 40.
Re1+ Kd6 41. Re8 1-0

[Event "ODEM U25B 2013"]
[Site "Oberhof GER"]
[Date "2013.05.21"]
[Round "5"]
[White "Zell, Mirjam"]
[Black "Reichel, Sara"]
[Result "1-0"]
[Termination "normal"]
[Board "46"]
[WhiteElo "820"]
[BlackElo "683"]
[PlyCount "77"]
[WhiteFideId "16208544"]
[BlackFideId "16245130"]
[EventCountry "GER"]
[EventRounds "9"]
[EventType "swiss"]
[EventDate "2013.05.18"]

1. e4 c5 2. Nf3 Nc6 3. Nc3 g6 4. Bc4 e6 5. d3 Bg7 6. Be3 Nge7 7. Ng5 O-O 8. Qf3
f6 9. Nh3 d6 10. O-O-O Bd7 11. g4 Qa5 12. Qg3 Rac8 13. g5 Ne5 14. gxf6 Bxf6 15.
Rhg1 Nxc4 16. dxc4 a6 17. Rxd6 Rcd8 18. Nf4 b5 19. Nh5 Bxc3 20. bxc3 b4 21. Qe5
Rf7 22. Bxc5 h6 23. f4 Qxa2 24. Bd4 Qa3+ 25. Kd1 Qa1+ 26. Ke2 Kf8 27. Qh8+ Ng8
28. Rxa1 e5 29. Nf6 Ke7 30. Raxa6 Nxf6 31. Qxh6 Ng4 32. Qxg6 exd4 33. cxd4 Nxh2
34. c5 Bb5+ 35. Kd1 Bxa6 36. Re6+ Kf8 37. Qh6+ Kg8 38. Rg6+ Rg7 39. Qxg7# 1-0